000 00684nam a2200253Ia 4500
003 OSt
005 20221005025540.0
006 a|||||r|||| 00| 0
007 ta
008 221004b |||||||| |||| 00| 0 eng d
020 _a8175952903
024 _a26843
037 _cTextual
040 _aCRL
_cCRL
_beng
041 _2eng
_aeng
082 _aO111,1N81x, N8
100 _aChoudhury Chandrahas
_9581829
245 0 _aHundred and one Mirthquakes
260 _aCalcutta
_bWriters workshop India
_c1998
300 _a222p.
_ccm.
650 _aENGLISH LITERATURE
942 _hO111,1N81x, N8
_cTEXL
_2cc
999 _c934899
_d934899